|
|
|
|
| LEADER |
00000nab a2200000 a 4500 |
| 001 |
vtls000107261 |
| 003 |
SK-MaSNL |
| 005 |
20260305005644.0 |
| 008 |
111104c1982 xo 0 slo |
| 015 |
|
|
|a SNBRB19rr/mm-uuuuu
|
| 035 |
|
|
|a CL0117364
|
| 040 |
|
|
|a SNKBUCL
|b slo
|c SNKBUCL
|e AACR2
|
| 041 |
0 |
|
|a slo
|
| 044 |
|
|
|a xo
|c SK
|
| 080 |
|
|
|a 329.78(437)SZM
|2 1981
|
| 100 |
1 |
|
|a Chovanec, Jaroslav,
|d 1935-
|4 aut
|9 85200
|
| 245 |
1 |
0 |
|a Postavenie a práva mládeže vo svete
|b Na pomoc politickému vzdelávaniu SZM
|c Jaroslav Chovanec, Ivan Palúš, František Laurinec
|
| 610 |
2 |
7 |
|a Socialistický zväz mládeže
|2 snkbucl
|9 51618
|
| 650 |
0 |
7 |
|a politické vzdelávanie
|2 snkbucl
|9 69709
|
| 655 |
|
7 |
|a články z novín a časopisov
|2 snkbucl
|9 267496
|
| 700 |
1 |
|
|a Palúš, Ivan
|4 aut
|9 712333
|
| 700 |
1 |
|
|a Laurinec, František
|4 aut
|9 459933
|
| 773 |
0 |
|
|t Smena
|g Roč. 35, č. 35 (11. 2. 1982), s. 5-6
|
| 850 |
|
|
|a Slovenská národná knižnica v Martine
|a MTA001
|
| 852 |
|
|
|a SNK
|b KIS3GCP
|
| 958 |
|
|
|a RK
|
| 992 |
|
|
|a RBX
|
| 999 |
|
|
|c 3241722
|d 3243652
|